000 00683nam a2200229Ia 4500
003 OSt
005 20220928125348.0
006 a|||||r|||| 00| 0
007 ta
008 220927b |||||||| |||| 00| 0 eng d
024 _a37753
037 _cReference Collections
040 _aSDCL
_cSDCL
_beng
041 _2eng
_aeng
082 _aX:8:(S:44)k, N5 RR
100 _aNicholson Nigel Ed.
_9469387
245 0 _aBlackwell encyclopedic dictionary of organizational behavior.
260 _aOxford
_bBlackwell
_c1995
300 _axvii,628p
_ccm.
942 _hX:8:(S:44)k, N5 RR
_cREF
_2CC
999 _c782046
_d782046